[Event "33rd Zalakaros Open 2014"]
[Site "Zalakaros HUN"]
[Date "2014.05.23"]
[Round "1.1"]
[White "Rapport, Richard"]
[Black "Almasi, Istvan"]
[Result "1-0"]
[WhiteTitle "GM"]
[BlackTitle "IM"]
[WhiteElo "2701"]
[BlackElo "2403"]
[WhiteFideId "738590"]
[BlackFideId "701742"]
[EventDate "2014.05.23"]
[EventType "tourn"]

1. b3 Nf6 2. Bb2 d5 3. e3 Bf5 4. Nf3 e6 5. Be2 h6 6. O-O Nbd7 7. c4 c6 8. Nc3
Bd6 9. cxd5 exd5 10. d3 O-O 11. a3 Qe7 12. Re1 Rfe8 13. b4 Rad8 14. g3 a5 15.
bxa5 Ra8 16. e4 dxe4 17. dxe4 Nxe4 18. Nh4 Nxc3 19. Bxc3 Be6 20. Bc4 Bc5 21. Nf5
Bxf2+ 22. Kxf2 Qc5+ 23. Ne3 Bxc4 24. Qxd7 Re4 25. Bb4 Qe5 26. Nxc4 Qf6+ 27. Kg2
Rxc4 28. Ra2 c5 29. Rf2 Qg6 30. Bd2 1-0

[Event "33rd Zalakaros Open 2014"]
[Site "Zalakaros HUN"]
[Date "2014.05.23"]
[Round "1.2"]
[White "Balazs, Gabor2"]
[Black "Berkes, Ferenc"]
[Result "0-1"]
[BlackTitle "GM"]
[WhiteElo "2397"]
[BlackElo "2665"]
[WhiteFideId "731374"]
[BlackFideId "718572"]
[EventDate "2014.05.23"]
[EventType "tourn"]

1. d4 Nf6 2. c4 e6 3. Nc3 Bb4 4. e3 O-O 5. Bd3 c5 6. Nf3 Nc6 7. O-O Bxc3 8. bxc3
d6 9. Qc2 h6 10. Nd2 b6 11. f4 Re8 12. Nf3 e5 13. Be4 Nxe4 14. Qxe4 Bd7 15. fxe5
dxe5 16. dxc5 Qc7 17. cxb6 axb6 18. c5 bxc5 19. a4 Be6 20. Qc2 Bc4 21. Rf2 e4
22. Nd2 Bd3 23. Qd1 c4 24. Nf1 Na5 25. Ng3 Nb3 26. Raa2 Nxc1 27. Qxc1 Reb8 28.
Ra1 Rb3 29. Nf5 Rab8 30. Rc2 Qb7 31. Rd2 Qd7 32. Qf1 Qc7 33. Qf2 Rxc3 34. Nd4
Ra3 35. Rdd1 Rxa1 36. Rxa1 c3 37. Rc1 c2 38. Qd2 Rb1 39. h3 h5 40. h4 g6 41. Nb5
Qc5 42. Kf2 Qf5+ 43. Kg1 Qf1+ 0-1

[Event "33rd Zalakaros Open 2014"]
[Site "Zalakaros HUN"]
[Date "2014.05.23"]
[Round "1.3"]
[White "Erdos, Viktor"]
[Black "Gledura, Benjamin"]
[Result "1-0"]
[WhiteTitle "GM"]
[BlackTitle "FM"]
[WhiteElo "2651"]
[BlackElo "2395"]
[WhiteFideId "719978"]
[BlackFideId "712779"]
[EventDate "2014.05.23"]
[EventType "tourn"]

1. Nf3 g6 2. e4 c5 3. d4 cxd4 4. Qxd4 Nf6 5. Nc3 Nc6 6. Qa4 d6 7. e5 dxe5 8.
Nxe5 Bd7 9. Nxd7 Qxd7 10. Be3 Bg7 11. Rd1 Qg4 12. Rd4 Qc8 13. Bb5 a6 14. Bxc6+
Qxc6 15. Qxc6+ bxc6 16. Ke2 O-O 17. Rhd1 e6 18. Rc4 Nd5 19. Bd4 Rfc8 20. Bxg7
Kxg7 21. Rc5 Rab8 22. b3 Kf8 23. Rd4 Ke7 24. Kd2 h5 25. Ra5 Nxc3 26. Kxc3 Rb6
27. Kc4 f6 28. f4 Rd8 29. Rxd8 Kxd8 30. Kc5 Kc7 31. c4 h4 32. b4 e5 33. fxe5
fxe5 34. Ra3 Rb8 35. Rxa6 Re8 36. Rxc6+ Kb7 37. Rd6 e4 38. Rd7+ Kc8 39. Rd2 e3
40. Re2 Re4 41. h3 Kd7 42. Kd5 Rf4 43. Rxe3 1-0

[Event "33rd Zalakaros Open 2014"]
[Site "Zalakaros HUN"]
[Date "2014.05.23"]
[Round "1.4"]
[White "Sean, Winshand Cuhendi"]
[Black "Jones, Gawain C B"]
[Result "0-1"]
[WhiteTitle "FM"]
[BlackTitle "GM"]
[WhiteElo "2385"]
[BlackElo "2645"]
[WhiteFideId "7101554"]
[BlackFideId "409561"]
[EventDate "2014.05.23"]
[EventType "tourn"]

1. e4 d6 2. d4 Nf6 3. Nc3 g6 4. f4 Bg7 5. Bd3 O-O 6. Nf3 Nc6 7. d5 Nb4 8. Be2 e6
9. a3 Na6 10. O-O exd5 11. exd5 c6 12. Kh1 Nc7 13. dxc6 bxc6 14. Nd4 c5 15. Nb3
Rb8 16. Na5 Qd7 17. f5 d5 18. Nb3 d4 19. Nb1 Bb7 20. N1d2 Bd5 21. Nc4 Ne4 22.
Bf4 gxf5 23. Bd3 Bxc4 24. Bxc4 Rb6 25. Qh5 Nd5 26. Qf3 Nxf4 27. Qxf4 Bh6 28.
Qxf5 Qxf5 29. Rxf5 Be3 30. g3 Nd6 31. Rxc5 d3 32. Bxd3 Bxc5 33. Nxc5 Rxb2 34.
Nd7 Rd8 35. Nf6+ Kg7 36. Rf1 Ra2 37. Nxh7 Rxa3 38. Nf6 a5 39. Nh5+ Kg8 40. g4 a4
41. g5 Rxd3 42. cxd3 a3 43. Nf4 Nb5 44. Kg2 Nc3 45. Ra1 a2 46. Ne2 Nxe2 47. Rxa2
Nf4+ 48. Kf3 Nxd3 49. Ra5 Nb4 50. h4 Nc6 51. Rc5 Nd4+ 52. Kg4 Ne6 53. Rc6 Rd4+
54. Kg3 Ng7 55. Rc3 Kh7 56. Rf3 Nh5+ 57. Kh3 Kg6 58. Rf2 Nf4+ 59. Kg3 Kf5 60.
Rf3 Rd3 0-1

[Event "33rd Zalakaros Open 2014"]
[Site "Zalakaros HUN"]
[Date "2014.05.23"]
[Round "1.6"]
[White "Bagi, Mate"]
[Black "Kovalenko, Igor"]
[Result "0-1"]
[WhiteTitle "FM"]
[BlackTitle "GM"]
[WhiteElo "2378"]
[BlackElo "2611"]
[WhiteFideId "742570"]
[BlackFideId "14117908"]
[EventDate "2014.05.23"]
[EventType "tourn"]

1. e4 d5 2. exd5 Qxd5 3. Nc3 Qd6 4. d4 Nf6 5. Nf3 g6 6. Nb5 Qb6 7. c4 c6 8. Nc3
Bg7 9. Qb3 O-O 10. Be3 Na6 11. Qxb6 axb6 12. Rc1 Bf5 13. a3 Ng4 14. Be2 Nxe3 15.
fxe3 e5 16. d5 Nc5 17. Rd1 Nb3 18. Nd2 Bc2 19. Nxb3 Bxb3 20. dxc6 bxc6 21. Rd6
Rac8 22. Ne4 Rfd8 23. Rxd8+ Rxd8 24. Nd2 Bc2 25. Bd1 Bd3 26. Bf3 Bh6 27. Kf2 Bc2
28. Ke2 Rd3 29. Nf1 Rb3 30. Bxc6 Bd3+ 31. Kd2 e4 32. Ng3 Rxb2+ 0-1

[Event "33rd Zalakaros Open 2014"]
[Site "Zalakaros HUN"]
[Date "2014.05.23"]
[Round "1.7"]
[White "Banusz, Tamas"]
[Black "Csonka, Balazs"]
[Result "1-0"]
[WhiteTitle "GM"]
[BlackTitle "FM"]
[WhiteElo "2609"]
[BlackElo "2361"]
[WhiteFideId "722413"]
[BlackFideId "742910"]
[EventDate "2014.05.23"]
[EventType "tourn"]

1. Nf3 d5 2. d4 c6 3. Bf4 Bf5 4. e3 e6 5. c4 Bd6 6. Bxd6 Qxd6 7. Nc3 Nd7 8. Nh4
Bg6 9. Be2 Qe7 10. Nxg6 hxg6 11. cxd5 exd5 12. Rb1 a5 13. a3 Ngf6 14. Qc2 O-O
15. O-O Rfc8 16. Rfc1 b5 17. g3 Nb6 18. Bf1 Nc4 19. a4 Rab8 20. Qd1 Nxe3 21.
fxe3 b4 22. Na2 Qxe3+ 23. Kg2 Qe4+ 24. Qf3 Qxd4 25. Rd1 Qb6 26. Qf2 c5 27. Bb5
Ne4 28. Qf3 Qe6 29. Re1 c4 30. Rbd1 c3 31. b3 Nd2 32. Rxe6 Nxf3 33. Re3 Nd2 34.
Nc1 Rd8 35. Rde1 Kf8 36. Re7 Ne4 37. Ra7 Rbc8 38. Rxa5 Rc7 39. Bd3 Nc5 40. Rb5
Nxd3 41. Nxd3 c2 42. Rxb4 Rc3 43. Rd4 Rxb3 44. Rc1 1-0

[Event "33rd Zalakaros Open 2014"]
[Site "Zalakaros HUN"]
[Date "2014.05.23"]
[Round "1.8"]
[White "Szamoskozi, Gabor"]
[Black "Grigoriants, Sergey"]
[Result "1/2-1/2"]
[WhiteTitle "FM"]
[BlackTitle "GM"]
[WhiteElo "2358"]
[BlackElo "2595"]
[WhiteFideId "719056"]
[BlackFideId "4130804"]
[EventDate "2014.05.23"]
[EventType "tourn"]

1. e4 c5 2. Nf3 e6 3. d4 cxd4 4. Nxd4 Nf6 5. Nc3 d6 6. Be2 Be7 7. O-O Nc6 8. Be3
Bd7 9. f4 Nxd4 10. Bxd4 Bc6 11. Qd3 O-O 12. Rae1 b5 13. a3 Qb8 14. Qg3 b4 15.
axb4 Qxb4 16. Qd3 Rfd8 17. Bf3 a5 18. b3 Rac8 19. Nd5 exd5 20. exd5 Bb5 21. c4
Bxc4 22. bxc4 Qxc4 1/2-1/2

[Event "33rd Zalakaros Open 2014"]
[Site "Zalakaros HUN"]
[Date "2014.05.23"]
[Round "1.9"]
[White "Onischuk, Vladimir"]
[Black "Antal, Tibor Kende"]
[Result "1/2-1/2"]
[WhiteTitle "GM"]
[BlackTitle "FM"]
[WhiteElo "2594"]
[BlackElo "2357"]
[WhiteFideId "14114038"]
[BlackFideId "738581"]
[EventDate "2014.05.23"]
[EventType "tourn"]

1. e4 c5 2. Nf3 d6 3. d4 cxd4 4. Nxd4 Nf6 5. Nc3 a6 6. a4 Nc6 7. Nxc6 bxc6 8. a5
e5 9. Bd3 d5 10. O-O Bd6 11. Bg5 Bb7 12. Qf3 h6 13. Bh4 g5 14. Bg3 d4 15. Nb1 h5
16. h4 Ng4 17. Bc4 Rh7 18. Nd2 gxh4 19. Qf5 Rg7 20. Bh2 Bc8 21. Qxh5 Qf6 22. f4
Ne3 23. fxe5 Rxg2+ 24. Kh1 Rxh2+ 25. Kxh2 Qxe5+ 26. Qxe5+ Bxe5+ 27. Kh1 Nxf1 28.
Rxf1 f6 29. Nf3 Ke7 30. Nxh4 Be6 31. Ng6+ Kd6 32. Bd3 c5 33. b3 Rg8 34. Nxe5
Kxe5 35. Kh2 1/2-1/2

[Event "33rd Zalakaros Open 2014"]
[Site "Zalakaros HUN"]
[Date "2014.05.23"]
[Round "1.10"]
[White "Vajda, Szidonia"]
[Black "Bachmann, Axel"]
[Result "0-1"]
[WhiteTitle "IM"]
[BlackTitle "GM"]
[WhiteElo "2352"]
[BlackElo "2589"]
[WhiteFideId "723894"]
[BlackFideId "3700488"]
[EventDate "2014.05.23"]
[EventType "tourn"]

1. e4 e5 2. Nf3 Nc6 3. Nc3 g6 4. d4 exd4 5. Nxd4 Bg7 6. Be3 d6 7. Be2 Nf6 8. O-O
O-O 9. Qd2 Re8 10. Nxc6 bxc6 11. Bf3 Rb8 12. b3 c5 13. Bh6 Bxh6 14. Qxh6 Rb4 15.
a3 Rb8 16. Rfe1 Re5 17. Qd2 Qe7 18. Nd5 Nxd5 19. exd5 Bf5 20. Rac1 Qf6 21. Qa5
Rbe8 22. Rf1 g5 23. Qc3 Qg6 24. h3 h5 25. Rce1 g4 26. hxg4 hxg4 27. Bd1 Be4 28.
Qg3 Bxd5 29. Rxe5 Rxe5 30. c4 Be6 31. f4 gxf3 32. Qxg6+ fxg6 33. Bxf3 Re3 34.
Rb1 Rc3 35. Be4 Kg7 36. Rb2 a5 37. a4 Bg4 38. Bc2 Re3 39. Rb1 Bf5 40. Bxf5 gxf5
41. Kf2 Rc3 42. Rb2 Kf6 43. Ke2 Ke5 44. Kd2 Rg3 45. Kc1 Ke4 46. Re2+ Re3 0-1

[Event "33rd Zalakaros Open 2014"]
[Site "Zalakaros HUN"]
[Date "2014.05.23"]
[Round "1.11"]
[White "Papp, Gabor1"]
[Black "Ekdyshman, Mikhail"]
[Result "1/2-1/2"]
[WhiteTitle "GM"]
[BlackTitle "IM"]
[WhiteElo "2580"]
[BlackElo "2351"]
[WhiteFideId "718602"]
[BlackFideId "4149416"]
[EventDate "2014.05.23"]
[EventType "tourn"]

1. c4 Nc6 2. Nc3 e5 3. g3 Bb4 4. Bg2 Nf6 5. Nd5 a5 6. e3 O-O 7. Ne2 Re8 8. O-O
Nxd5 9. cxd5 Ne7 10. d4 Ng6 11. Qc2 b6 12. Rd1 Ba6 13. dxe5 Nxe5 14. Nd4 Rc8 15.
b3 c5 16. dxc6 dxc6 17. Bb2 Qf6 18. a3 Bf8 19. a4 h5 20. Bc3 h4 21. Qf5 hxg3 22.
hxg3 Qxf5 23. Nxf5 Be2 24. Rd4 Nf3+ 25. Bxf3 Bxf3 26. Rf4 Be4 27. Rd1 g5 28.
Rxe4 Rxe4 29. Kg2 Re6 30. f4 gxf4 31. gxf4 b5 32. Kf3 b4 33. Bb2 c5 34. Rd5 f6
35. Ng3 Kf7 36. Rd7+ Re7 37. Rd5 Ke6 38. e4 Ra7 39. Nh5 Be7 40. Ng7+ Kf7 41. Nf5
c4 42. bxc4 Rxc4 43. Nd6+ Bxd6 44. Rxd6 b3 45. Rxf6+ Ke8 46. Rh6 Re7 47. e5 Rf7
48. Rh4 Kd7 49. Ke3 Rf5 50. Rh7+ Ke8 51. Rh8+ Rf8 52. Rxf8+ Kxf8 53. Kd3 Rxf4
54. Kc3 Rxa4 55. Kxb3 Re4 56. Bc1 Rb4+ 57. Ka3 Rd4 58. Bb2 Rd2 59. e6 Ke7 60.
Be5 Rd3+ 61. Ka4 Kxe6 62. Bc7 Kd5 63. Kxa5 Kc5 64. Bb6+ Kc6 65. Bf2 Ra3+ 66. Kb4
Rf3 67. Bg1 Kd5 68. Ba7 Rf7 69. Bg1 Rf4+ 70. Kc3 Rc4+ 71. Kb3 Rc1 72. Bf2 Rf1
73. Ba7 Rf3+ 74. Kb4 Rf4+ 75. Kc3 Rf7 76. Bb6 Rb7 77. Bf2 Rc7+ 78. Kb3 Rc1 79.
Ba7 Ke4 80. Kb4 Ra1 81. Bf2 Ra2 82. Bg1 Kd3 83. Bb6 Rc2 84. Kb5 Rb2+ 85. Kc5 Rg2
86. Bd8 Ke4 87. Bc7 Rc2+ 88. Kd6 Kf5 89. Bb6 Rd2+ 90. Kc5 Ke6 91. Kc4 Rc2+ 92.
Kd3 Rb2 93. Bd4 Rb4 94. Kc3 Ra4 95. Bg1 Kd5 96. Kb3 Rc4 97. Bf2 Rc1 98. Ba7 Kc6
99. Be3 Re1 100. Bf2 Rf1 101. Bd4 Kd5 102. Bg7 Rf3+ 103. Kb4 Rg3 104. Bf6 Rg6
105. Bb2 Rb6+ 106. Kc3 Ke4 107. Kc2 Ke3 108. Bg7 Rc6+ 109. Kb3 Kd3 110. Kb4 Rc8
111. Bf6 Kc2 112. Bd4 1/2-1/2

[Event "33rd Zalakaros Open 2014"]
[Site "Zalakaros HUN"]
[Date "2014.05.23"]
[Round "1.12"]
[White "Gara, Ticia"]
[Black "Gonda, Laszlo"]
[Result "0-1"]
[WhiteTitle "WGM"]
[BlackTitle "GM"]
[WhiteElo "2338"]
[BlackElo "2563"]
[WhiteFideId "717444"]
[BlackFideId "720852"]
[EventDate "2014.05.23"]
[EventType "tourn"]

1. e4 c5 2. Nf3 e6 3. d4 cxd4 4. Nxd4 a6 5. Bd3 Bc5 6. Nb3 Be7 7. O-O d6 8. f4
Nd7 9. Qe2 Qc7 10. Bd2 Ngf6 11. Nc3 h5 12. Rae1 b5 13. Kh1 Bb7 14. e5 dxe5 15.
fxe5 Ng4 16. Bf4 g5 17. Bg3 h4 18. Qxg4 hxg3 19. Qxg3 b4 20. Nd1 Bf6 21. Rxf6
Nxf6 22. Ne3 O-O-O 23. Nc4 Nh5 24. Qf2 Nf4 25. Nd6+ Rxd6 26. exd6 Qxd6 27. Qc5+
Qxc5 28. Nxc5 Bxg2+ 29. Kg1 a5 30. Be4 Rh4 31. Re3 Nd5 32. Bxd5 Bxd5 33. a3 Rg4+
34. Rg3 bxa3 35. bxa3 Rc4 36. Nb3 a4 37. Nd2 Rxc2 38. Nf3 f6 39. h4 Rc3 0-1

[Event "33rd Zalakaros Open 2014"]
[Site "Zalakaros HUN"]
[Date "2014.05.23"]
[Round "1.13"]
[White "Horvath, Csaba"]
[Black "To, Nhat Minh"]
[Result "0-1"]
[WhiteTitle "GM"]
[BlackTitle "IM"]
[WhiteElo "2560"]
[BlackElo "2329"]
[WhiteFideId "700118"]
[BlackFideId "729019"]
[EventDate "2014.05.23"]
[EventType "tourn"]

1. d4 d5 2. c4 c6 3. Nf3 Nf6 4. g3 dxc4 5. Bg2 b5 6. a4 Bb7 7. Ne5 a6 8. O-O e6
9. Bg5 h6 10. Bf4 Nd5 11. Nc3 Nd7 12. e4 Nxf4 13. gxf4 Bb4 14. Qg4 O-O 15. Rad1
Nf6 16. Qh3 Qc7 17. f5 exf5 18. exf5 Rfe8 19. Ng4 Nxg4 20. Qxg4 Bxc3 21. bxc3
Qd6 22. axb5 axb5 23. Rfe1 Re7 24. Re3 Rae8 25. Rde1 Bc8 26. Be4 Qf6 27. Qf3 Bd7
28. Kh1 Kf8 29. Rg1 c5 30. d5 Re5 31. Qg2 b4 32. f4 Rxe4 33. Rxe4 Rxe4 34. Qxe4
Bxf5 35. Qg2 Qxc3 36. d6 g6 37. Rd1 b3 38. Qe2 Bd7 39. Rd2 Kg7 40. Kg2 Kh7 41.
Rb2 Bc6+ 42. Kf2 Qd4+ 43. Ke1 Qxf4 44. Rb1 Bf3 45. Qd2 Qh4+ 46. Kf1 Qh3+ 47. Ke1
Qe6+ 48. Kf2 Bc6 49. Rf1 g5 50. h4 Qf5+ 51. Ke1 Qe5+ 52. Qe2 Qa1+ 53. Qd1 Qe5+
54. Qe2 Qg3+ 55. Rf2 Qc3+ 56. Qd2 Qa1+ 57. Ke2 Qe5+ 58. Qe3 Qb2+ 59. Kf1 Qb1+
60. Qe1 Qd3+ 61. Kg1 Qg3+ 62. Kf1 Qh3+ 0-1

[Event "33rd Zalakaros Open 2014"]
[Site "Zalakaros HUN"]
[Date "2014.05.23"]
[Round "1.14"]
[White "Radnai, Adam"]
[Black "Kovchan, Alexander"]
[Result "0-1"]
[WhiteTitle "FM"]
[BlackTitle "GM"]
[WhiteElo "2329"]
[BlackElo "2558"]
[WhiteFideId "726702"]
[BlackFideId "14103052"]
[EventDate "2014.05.23"]
[EventType "tourn"]

1. Nf3 g6 2. e4 d5 3. exd5 Qxd5 4. Nc3 Qd6 5. h3 a6 6. a4 Nf6 7. Bc4 Bg7 8. O-O
Nc6 9. d4 O-O 10. Re1 Rd8 11. Qe2 Bf5 12. g4 Bd7 13. Be3 Be6 14. Bxe6 Qxe6 15.
Rad1 Nb4 16. Bf4 Qxe2 17. Rxe2 Nbd5 18. Nxd5 Nxd5 19. Bg5 f6 20. Bd2 b5 21. b3
Kf7 22. Rde1 Bf8 23. a5 b4 24. Nh4 Rac8 25. Ng2 c5 26. Re4 cxd4 27. Rxd4 e5 28.
Rc4 Bc5 29. Ree4 Bd4 30. Ne1 Rxc4 31. bxc4 Nc3 32. Bxc3 Bxc3 33. Nd3 b3 0-1

[Event "33rd Zalakaros Open 2014"]
[Site "Zalakaros HUN"]
[Date "2014.05.23"]
[Round "1.15"]
[White "Horvath, Adam1"]
[Black "Tesik, Csaba"]
[Result "1-0"]
[WhiteTitle "GM"]
[BlackTitle "FM"]
[WhiteElo "2531"]
[BlackElo "2329"]
[WhiteFideId "708003"]
[BlackFideId "735582"]
[EventDate "2014.05.23"]
[EventType "tourn"]

1. e4 e5 2. Nf3 Nc6 3. Bb5 a6 4. Ba4 Nf6 5. d3 b5 6. Bb3 d6 7. O-O Be7 8. a3 O-O
9. Nbd2 Be6 10. c3 Bxb3 11. Qxb3 Re8 12. Re1 Bf8 13. Nf1 h6 14. Ng3 d5 15. a4
Na5 16. Qc2 c5 17. axb5 axb5 18. Bd2 dxe4 19. Nxe4 Nxe4 20. Rxe4 c4 21. Rxe5
Rxe5 22. Nxe5 Bd6 23. d4 Bxe5 24. dxe5 Nb3 25. Rxa8 Qxa8 26. f3 Qa7+ 27. Kf1 Nc5
28. Qf5 Nd3 29. Ke2 Qf2+ 30. Kd1 Qc5 31. b4 Qxe5 32. Qxe5 Nxe5 33. Ke2 Nc6 34.
Ke3 f5 35. Kf4 g6 36. g4 fxg4 37. fxg4 Kf7 38. Ke4 Ke6 39. Bxh6 Ne5 40. h3 Nd3
41. Be3 Ne5 42. Bd4 Nf7 43. h4 g5 44. h5 Nh6 45. Kf3 Kf7 46. Bb6 Ke6 47. Bc5 Kf7
48. Bd4 Ng8 49. Ke4 Nh6 50. Kd5 Nxg4 51. Kc5 Nf6 52. h6 g4 53. Kxb5 g3 54. Kc6
g2 55. b5 Kg6 56. b6 Ng8 57. b7 Ne7+ 58. Kd7 1-0

[Event "33rd Zalakaros Open 2014"]
[Site "Zalakaros HUN"]
[Date "2014.05.23"]
[Round "1.16"]
[White "Madl, Ildiko"]
[Black "Antal, Gergely"]
[Result "1/2-1/2"]
[WhiteTitle "IM"]
[BlackTitle "GM"]
[WhiteElo "2328"]
[BlackElo "2529"]
[WhiteFideId "700550"]
[BlackFideId "717312"]
[EventDate "2014.05.23"]
[EventType "tourn"]

1. e4 c6 2. d4 d5 3. Nc3 dxe4 4. Nxe4 Nf6 5. Nxf6+ gxf6 6. Nf3 Bg4 7. Be2 Nd7 8.
Nh4 Bxe2 9. Qxe2 e6 10. Bf4 Nb6 11. c3 Qd5 12. O-O Qb5 13. Rfe1 Rg8 14. g3 Qxe2
15. Rxe2 Nd5 16. Bd2 O-O-O 17. Nf3 Rg4 18. Kf1 c5 19. h3 Rg7 20. dxc5 Bxc5 21.
Re4 Bd6 22. Rh4 Rdg8 23. Bh6 Rg6 24. Bd2 R6g7 25. Bh6 Rg6 26. Bd2 Rh8 27. Rd1
Be7 28. Be1 Nb6 29. Rhd4 Rd8 30. Rxd8+ Bxd8 31. Rd4 f5 32. Ne5 Rg7 33. Nc4 Nxc4
34. Rxc4+ Kd7 35. Rd4+ Ke8 36. Rc4 f6 37. Ke2 e5 38. Bd2 Kd7 39. Be3 a6 40. a4
Bc7 41. Rb4 Kc6 42. Rh4 Kd5 43. b3 Bd6 44. c4+ Ke6 45. Bb6 Bb4 46. Be3 Rd7 47.
c5 a5 48. Rh6 Bc3 49. Rh5 Bb4 50. Rh6 Rf7 51. Kd3 Kd5 52. Rh5 Bxc5 53. Rxf5 Ke6
54. Ke4 Rc7 55. g4 Bb4 56. g5 Be7 57. gxf6 Bxf6 58. Rh5 Bg7 59. Rg5 Kf7 60. Rf5+
Ke6 61. Rh5 Kf7 62. Rf5+ Ke6 63. Rh5 Kf7 1/2-1/2

[Event "33rd Zalakaros Open 2014"]
[Site "Zalakaros HUN"]
[Date "2014.05.23"]
[Round "1.17"]
[White "Medvegy, Zoltan"]
[Black "Gara, Anita"]
[Result "1/2-1/2"]
[WhiteTitle "GM"]
[BlackTitle "IM"]
[WhiteElo "2522"]
[BlackElo "2326"]
[WhiteFideId "708402"]
[BlackFideId "709751"]
[EventDate "2014.05.23"]
[EventType "tourn"]

1. Nf3 d6 2. d4 Nf6 3. c4 g6 4. Nc3 Bf5 5. e3 Bg7 6. Bd3 Bxd3 7. Qxd3 O-O 8. O-O
Nbd7 9. e4 e5 10. d5 Nc5 11. Qc2 a5 12. Be3 Ng4 13. Bxc5 dxc5 14. h3 Nf6 15.
Nxe5 Nxd5 16. cxd5 Bxe5 17. Ne2 f5 18. Qxc5 fxe4 19. Nc3 Qf6 20. Qe3 Bd4 21.
Qxe4 Bxf2+ 22. Kh1 Rae8 23. Qc4 Qf4 24. Qxf4 Rxf4 25. g4 h5 26. Kg2 Ref8 27.
gxh5 gxh5 28. Rad1 h4 29. Rd2 Bd4 30. Rxf4 Rxf4 31. Re2 Bxc3 32. bxc3 1/2-1/2

[Event "33rd Zalakaros Open 2014"]
[Site "Zalakaros HUN"]
[Date "2014.05.23"]
[Round "1.18"]
[White "Havasi, Gergo"]
[Black "Hoang, Thanh Trang"]
[Result "1/2-1/2"]
[BlackTitle "GM"]
[WhiteElo "2302"]
[BlackElo "2509"]
[WhiteFideId "760293"]
[BlackFideId "12400149"]
[EventDate "2014.05.23"]
[EventType "tourn"]

1. e4 e6 2. d4 d5 3. Nd2 h6 4. Bd3 c5 5. dxc5 Bxc5 6. Ngf3 Nf6 7. O-O O-O 8. Qe2
Nc6 9. a3 Qc7 10. h3 Nh5 11. Rd1 Nf4 12. Qf1 a5 13. Nb3 Bb6 14. Bxf4 Qxf4 15.
Qe2 Bd7 16. c3 Rfd8 17. Kh1 Ne5 18. Nxe5 Qxe5 19. Nd2 Ba4 20. Re1 Qf4 21. Nf3
Bc6 22. g3 Qc7 23. Kg2 dxe4 24. Bxe4 Bxe4 25. Qxe4 Qc5 26. Re2 Qd5 27. a4 Rac8
28. Ra3 Bc5 29. Qxd5 Rxd5 30. Rb3 b6 31. Rb5 Rc6 32. h4 f6 33. Nd2 Kf7 34. Nb3
e5 35. Nd2 Ke6 36. Nb3 Rcd6 37. c4 Rd3 38. Nxc5+ bxc5 39. Rxc5 Ra6 40. Rb5 Kd6
41. Re3 Rd2 42. Kf1 Kc7 43. Reb3 Rc2 44. Rb7+ Kd6 45. Rxg7 Rxc4 46. Rg6 Ke6 47.
Rxh6 Rxa4 48. Rf3 Kf7 49. Rh7+ Kg6 50. Rb7 Rd6 51. Kg2 Ra1 52. b3 Ra2 53. g4 e4
54. Rf5 e3 55. h5+ Kh6 56. Re7 exf2 57. Rxf2 Rxf2+ 58. Kxf2 f5 59. gxf5 Kxh5 60.
Rg7 Rd5 61. f6 Rf5+ 62. Ke3 Rxf6 63. Ra7 Rf5 64. Kd3 Kg6 65. Kc3 Kf6 66. Kb2 Ke6
67. Ka3 Rb5 68. Rc7 Kd6 69. Rc4 Rc5 70. Rd4+ Kc6 71. Ka4 Rh5 72. Rg4 Kb6 73.
Rg6+ Kb7 74. Rg4 Kb6 75. Rg6+ Kb7 76. Rg4 1/2-1/2

[Event "33rd Zalakaros Open 2014"]
[Site "Zalakaros HUN"]
[Date "2014.05.23"]
[Round "1.19"]
[White "Chernyshov, Konstantin"]
[Black "Vegh, Endre"]
[Result "1-0"]
[WhiteTitle "GM"]
[BlackTitle "IM"]
[WhiteElo "2508"]
[BlackElo "2293"]
[WhiteFideId "4117328"]
[BlackFideId "700568"]
[EventDate "2014.05.23"]
[EventType "tourn"]

1. d4 d6 2. g3 Nf6 3. Bg2 c5 4. c3 cxd4 5. cxd4 d5 6. Nc3 Nc6 7. Bg5 e6 8. Qd2
Be7 9. Rc1 O-O 10. e3 h6 11. Bxf6 Bxf6 12. Nge2 Bd7 13. O-O Rc8 14. Nf4 Qa5 15.
Nd3 Be7 16. a3 a6 17. b4 Qxa3 18. Ra1 Qb3 19. Nc5 Bxc5 20. bxc5 Nb4 21. Rfb1 Qc2
22. Qxc2 Nxc2 23. Ra2 Nxd4 24. exd4 Bc6 25. f4 f5 26. Nd1 Kf7 27. Nf2 Bb5 28.
Bf1 Bxf1 29. Rxb7+ 1-0

[Event "33rd Zalakaros Open 2014"]
[Site "Zalakaros HUN"]
[Date "2014.05.23"]
[Round "1.20"]
[White "Papp, Petra"]
[Black "Horvath, Jozsef1"]
[Result "0-1"]
[WhiteTitle "WGM"]
[BlackTitle "GM"]
[WhiteElo "2292"]
[BlackElo "2507"]
[WhiteFideId "739049"]
[BlackFideId "700061"]
[EventDate "2014.05.23"]
[EventType "tourn"]

1. e4 d6 2. d4 Nf6 3. Nc3 Nbd7 4. Nf3 e5 5. Bc4 Be7 6. a4 O-O 7. O-O a6 8. a5 h6
9. Re1 exd4 10. Nxd4 Ne5 11. Ba2 Bg4 12. f3 c5 13. Nf5 Bxf5 14. exf5 Qc8 15. f4
Nc6 16. g4 Kh8 17. Nd5 Bd8 18. c3 Ng8 19. f6 Nxf6 20. Nxf6 Bxf6 21. g5 Bd8 22.
Qh5 Qd7 23. b4 Bc7 24. Rf1 Ne7 25. Bb2 Nf5 26. c4 Nd4 27. f5 Rae8 28. Rf2 Re5
29. Raf1 Rfe8 30. h4 Kg8 31. f6 Re4 32. Rg2 Qh3 33. Bxd4 Rxh4 34. Qxf7+ Kxf7 35.
g6+ Ke6 36. Re1+ Kd7 37. Rxe8 Qh1+ 38. Kf2 Rf4+ 39. Ke3 cxd4+ 40. Kxf4 d5+ 41.
Kf3 Qf1+ 42. Rf2 Qd3+ 43. Kg2 Kxe8 44. f7+ Kf8 45. cxd5 Qxg6+ 46. Kf1 Qd3+ 0-1

[Event "33rd Zalakaros Open 2014"]
[Site "Zalakaros HUN"]
[Date "2014.05.23"]
[Round "1.21"]
[White "Nemeth, Miklos1"]
[Black "Rigo, Janos"]
[Result "1-0"]
[WhiteTitle "IM"]
[BlackTitle "IM"]
[WhiteElo "2492"]
[BlackElo "2266"]
[WhiteFideId "720232"]
[BlackFideId "700371"]
[EventDate "2014.05.23"]
[EventType "tourn"]

1. e4 c5 2. Nf3 Nc6 3. d4 cxd4 4. Nxd4 g6 5. c4 Bg7 6. Be3 Nf6 7. Nc3 Ng4 8.
Qxg4 Nxd4 9. Qd1 Nc6 10. Rc1 d6 11. Be2 O-O 12. O-O b6 13. Qd2 Re8 14. f4 Bb7
15. Bf3 Rc8 16. Nb5 a6 17. Nc3 Nb8 18. Na4 Nd7 19. Qb4 Nc5 20. Rfd1 Nxa4 21.
Qxa4 Bxb2 22. Rb1 Bc6 23. Qc2 Bg7 24. Bxb6 Qd7 25. Qe2 Ba4 26. Rdc1 Rb8 27. Qd3
Rec8 28. h3 e6 29. Kh2 Bh6 30. Be3 a5 31. Qd2 Qc7 32. Rxb8 Rxb8 33. c5 Bf8 34.
cxd6 Qxd6 35. Qxa5 Qa3 36. Qa7 Rd8 37. Rc4 Rd7 38. Qxa4 Qxe3 39. Qxd7 Qxf4+ 40.
Kg1 1-0